| 000 | 00648cam a22002413a 4500 | ||
|---|---|---|---|
| 001 | 12814 | ||
| 003 | PGUSA | ||
| 005 | 20140828083258.0 | ||
| 008 | 040704s2004||||xxu|||||s|||||000 | eng d | ||
| 040 |
_aPGUSA _beng |
||
| 042 | _adc | ||
| 050 | 4 | _aGR | |
| 245 | 1 | 0 |
_aPhilippine Folk Tales _h[electronic resource] |
| 260 |
_bProject Gutenberg, _c2004 |
||
| 506 | _aPublic domain in the USA. | ||
| 516 | _aElectronic text | ||
| 653 | _aTales -- Philippines | ||
| 653 | _aFolklore -- Philippines | ||
| 700 | 1 |
_aCole, Mabel Cook, _d-1978 |
|
| 830 | 0 |
_aProject Gutenberg _v12814 |
|
| 856 | 4 | 0 | _uhttp://www.gutenberg.org/ebooks/12814 |
| 942 | _cEB | ||
| 999 |
_c242069 _d242069 |
||